Estrategia para la conservación de plantas amenazadas en el Departamento de Antioquia / (Registro nro. 5264)
[ vista simple ]
| 000 -CABECERA | |
|---|---|
| Campo de control | 01449nam a2200253 a 4500 |
| 005 - FECHA Y HORA DE LA ULTIMA TRANSACCION | |
| Campo de control | 20171107125833.0 |
| 008 - ELEMENTOS DE LONGITUD FIJA—INFORMACION GENERAL | |
| Campo de control | 170930s2005 ck ab gr 000 0 spa d |
| 020 ## - ISBN | |
| ISBN | 9589742718 |
| 040 ## - FUENTE DE CATALOGACIÓN | |
| Agencia catalogadora original | CO-BoBLA |
| Agencia transcriptora | CO-BoBLA |
| Agencia Modificadora | CO-BoIAVH |
| 041 0# - IDIOMA | |
| Código de idioma para texto/pista de sonido o título separado | Español |
| 044 ## - PAÍS DE PUBLICACIÓN | |
| País de publicación | Colombia |
| 082 04 - NUMERO DE CLASIFICACION DECIMAL DEWEY | |
| Número de clasificación | 580.986126 |
| Número del ítem | E82c |
| 245 04 - MENCION DE TITULO | |
| Título | Estrategia para la conservación de plantas amenazadas en el Departamento de Antioquia / |
| Mención de responsabilidad | Gobernación de Antioquia. Departamento Administrastivo del Medio Ambiente, Comité Interinstitucional de Flora y Fauna Silvestre de Antioquia, Área Metropolitana del Valle de AburrÁ [y otros]. |
| 260 ## - PUBLICACION, DISTRIBUCION, ETC. (PIE DE IMPRENTA) | |
| Lugar de publicación, distribución, etc. | Medellín : |
| Nombre del editor, distribuidor, etc. | Gobernación de Antioquia. Departamento Administrativo del Medio Ambiente : |
| -- | Jardín Botánico de Medellín "Joaquín Antonio Uribe" : |
| -- | Corporación Autónoma Regional de los Ríos Negro y Nare, |
| Fecha de publicación, distribución, etc. | 2005. |
| 300 ## - DESCRIPCION FISICA | |
| Extensión | 60 páginas : |
| Otros detalles físicos | ilustraciones, mapas ; |
| Dimensiones | 27 x 21 cm. |
| 504 ## - NOTA DE BIBLIOGRAFIA, ETC. | |
| Nota de bibliografía | Incluye referencias bibliográficas: página 60. |
| 650 26 - ASIENTO SECUNDARIO DE MATERIA - TERMINO TEMATICO | |
| Término temático o nombre geográfico como elemento de entrada | Plantas |
| Subdivisión general | Especies en peligro de extinción |
| Subdivisión geográfica | Antioquia (Departamento, Colombia) |
| 9 (RLIN) | 86781 |
| 650 26 - ASIENTO SECUNDARIO DE MATERIA - TERMINO TEMATICO | |
| Término temático o nombre geográfico como elemento de entrada | Bosques |
| Subdivisión general | Conservación biológica |
| Subdivisión geográfica | Antioquia (Departamento, Colombia) |
| 9 (RLIN) | 86782 |
| 650 26 - ASIENTO SECUNDARIO DE MATERIA - TERMINO TEMATICO | |
| Término temático o nombre geográfico como elemento de entrada | Plantas |
| Subdivisión general | Especies |
| Subdivisión geográfica | Antioquia (Departamento, Colombia) |
| 9 (RLIN) | 86783 |
| 650 26 - ASIENTO SECUNDARIO DE MATERIA - TERMINO TEMATICO | |
| Término temático o nombre geográfico como elemento de entrada | Plantas |
| Subdivisión general | Taxonomía |
| Subdivisión geográfica | Antioquia (Departamento, Colombia) |
| 9 (RLIN) | 86784 |
| 700 1# - ASIENTO SECUNDARIO - NOMBRE PERSONAL | |
| Nombre personal | Rincón Henao, Hernán Darío |
| Término de relación | editor |
| 9 (RLIN) | 1683 |
| 700 1# - ASIENTO SECUNDARIO - NOMBRE PERSONAL | |
| Nombre personal | Toro Murillo, Juan Lázaro |
| Término de relación | editor |
| 9 (RLIN) | 1557 |
| 942 ## - ELEMENTOS ADICIONALES (KOHA) | |
| Sistema de clasificación | Dewey Decimal Classification |
| Tipo de ítem | Libro |
| Withdrawn status | Lost status | Sistema de Clasificación | Damaged status | No para préstamo | Colección | Inventariado | Ubicación Permanente | Ubicación actual | Fecha de adquisición | Fuente de Valor | Valor | Total Checkouts | Número topográfico | Inventario / Código de Barras | Date last seen | Ejemplar | Price effective from | Forma de adquisición | Tipo de material |
|---|---|---|---|---|---|---|---|---|---|---|---|---|---|---|---|---|---|---|---|
| Dewey Decimal Classification | General | Inventariado 2017 | Sala Fabio Quevedo | Sala Fabio Quevedo | 20/09/2006 | Instituto | 15000.00 | LB-580.986126 E82c | 023293 | 04/12/2012 | Ej. 1 | 04/12/2012 | Donación | Libro | |||||
| Local | General | Villa de Leyva | Villa de Leyva | 25/05/2007 | CORANTIOQUIA | LB-04605 | 024376 | 04/12/2012 | Ej. 2 | 04/12/2012 | Libro |